Vvedenije v teoriju ošibok

Salvato in:
Dettagli Bibliografici
Autore principale: Taylor, John R (Autore)
Natura: Libro
Lingua:russo
Pubblicazione: Moskva : Mir, 1985
Edizione:Per. s angl.
Tags: Aggiungi Tag
Nessun Tag, puoi essere il primo ad aggiungerne!!

MARC

LEADER 00000nam a22000003a 4500
001 stu124261
005 20150617225908.1
008 060728s1985----xxr-----------------rus-d
040 |a STU  |b slo 
041 0 |a rus 
044 |a xxr 
080 |a 53.088 
080 |a 519.724.6 
100 1 |a Taylor, John R  |4 aut 
242 0 0 |a An introdution to errer analysis  |y eng 
245 1 |a Vvedenije v teoriju ošibok 
250 |a Per. s angl. 
260 |a Moskva :  |b Mir,  |c 1985 
300 |a 272 s 
996 |b E57641  |c E*57641  |l EE10  |s P  |a 0  |w stu124261_0002